=LDR 00000nam 2200000 4500 =001 INLIS000000000048736 =005 20250415123022 =035 ##$$a 0010-011700000000017 =008 250415################d##########0#ind## =040 ##$$a NBPDMAT =082 ##$$a 741.5 =090 ##$$a 741.5$bIlm i =245 ##$$a Ilmu Komputer =260 ##$$a Jakarta :$b Elex Media Komputindo,$c 2013 =300 ##$$a 80 hlm : $b ilus. ; $c 23 x 15 cm =500 ##$$a Yang diterima : jilid 1 s.d jilid 3 =650 #4$$a Komik Sains =850 ##$$a NBPDMAT =020 ##$$a 978-602-02-0532-8 =084 ##$$a 741.5 ILM =990 ##$$a 21602000 =990 ##$$a 21602001 =990 ##$$a 21602002 =990 ##$$a 21602003 =990 ##$$a 21602004 =990 ##$$a 21602005 =990 ##$$a 21602006 =990 ##$$a 21602007 =990 ##$$a 21602008 =990 ##$$a 21602009